[Event "Volodarskij Spring-A"]
[Site "Volodarskij"]
[Date "2007.07.03"]
[Round "10"]
[White "Tomilin, Artjom"]
[Black "Zorin, Andrei"]
[Result "1-0"]
[WhiteElo "2365"]
[BlackElo "2292"]
[PlyCount "57"]
[EventDate "2007.06.27"]
[EventType "tourn"]
[EventRounds "15"]
[EventCountry "RUS"]
[EventCategory "3"]
[SourceTitle "CBM 119 Extra"]
[Source "ChessBase"]
[SourceDate "2007.09.04"]
[SourceVersion "1"]
[SourceVersionDate "2007.09.04"]
[SourceQuality "1"]

1. Nf3 Nf6 2. g3 e6 3. Bg2 Be7 4. b3 d5 5. Bb2 0-0 6. 0-0 c5 7. c4 Nc6 8. cxd5 exd5 9. d4 Ne4 10. dxc5 Bxc5 11. Nc3 Qb6 12. Nxe4 dxe4 13. Ng5 e3 14. Qc2 exf2+ 15. Kh1 g6 16. Ne4 Bd4 17. e3 Nb4 18. Qxf2 Nd3 19. Bxd4 Nxf2+ 20. Rxf2 Qa6 21. Nf6+ Kg7 22. Ng4+ f6 23. Nxf6 Kh6 24. g4 Rxf6 25. Rxf6 Qd3 26. Rf8 Qe2 27. Rg1 a5 28. g5+ Kh5 29. Bf3+ 1-0